000 00632nam a22002177a 4500
003 OSt
005 20210416110139.0
008 210223s1970 ||||| |||| 00| 0 eng d
020 _a425019071
040 _aeng
_beng
_cDLC
041 _aeng
080 _a821.111
_bC-25
100 _91082
_aCarr, Dickson. John
245 _aThe Problem of the Wire Cage
_c/ by: Berkley Publishing Corporation
260 _aNew York
_bBerkley Publishing Corporation
_c1970
300 _a223 p.
365 _b0.75 usd
650 0 _9254
_aEnglish literature
653 _aინგლისური ლიტერატურა
942 _2udc
_cBK
999 _c1996
_d1996